Canları pahasına: (Record no. 13836)

MARC details
000 -BAŞLIK
Sabit Uzunlukta Kontrol Alanı 00654nam a22002297a 4500
999 ## - SİSTEM KONTROL NUMARALARI (KOHA)
Koha Biblionumber 13836
Koha Biblioitemnumber 13836
003 - KONTROL NUMARASI IDENTIFIER
Denetim Alanı MIRAKIL
005 - SON İŞLEM TARİHİ VE ZAMANI
Denetim Alanı 20211214000618.0
008 - SABİT-BOY VERİ ELEMANLARI - GENEL BİLGİLER
Sabit Uzunlukta Kontrol Alanı 200610b tu ||||| |||| 00| 0 tur d
020 ## - ULUSLARARASI STANDART KİTAP NUMARASI
Uluslararası Standart Kitap Numarası 9786059642576
040 ## - KATALOGLAMA KAYNAK
Orijinal Kataloglama Ajansı TR-AnCHP
Metne Dönüştürmek Ajansı TR-AnCHP
041 ## - DİL KODU
Metin / Ses Parça Veya Ayrı Başlığın Dil Kodu tur
082 ## - DEWEY ONLU SINIFLANDIRMA NUMARASI
Sınıflandırma Numarası 320.9561
Ürün Numarası B55c 2020
100 ## - ANA GİRİŞ - KİŞİSEL İSİM
Kişisel Ad Bingöl, Tekin
245 10 - BAŞLIK TABLOSU
Başlık Canları pahasına:
Başlığın Kalan Özgür bir ülke için /
Bir İşin Parçası / Bölüm Sayısı Tekin Bingöl.
246 ## - UNVAN FORM VARYING
Başlık Doğru / Kısa Başlığı Özgür bir ülke için
250 ## - EDITION TABLOSU
Baskı Beyanı 3. bsk.
260 ## - YAYIN, DAĞITIM, VB
Yayın, Dağıtım, Vb Yeri Ankara:
Yayıncı, Dağıtıcı, Vs Adı Karınca Ajans,
Yayın, Dağıtım, Vb Tarihi 2020.
300 ## - FİZİKSEL TANIM
Kapsam 200 s.:
Diğer Fiziksel Ayrıntıları fotg.;
Boyutlar 20 sm.
650 #0 - KONU KATMA GİRİŞ - TOPİKAL DÖNEM
Topikal Süreli Veya Coğrafi Ad Giriş Elemanı Siyaset ve yönetim
Genel Alt Bölümü Türkiye
9 (RLIN) 9
740 ## - KATMA GİRİŞ - KONTROLSUZ İLGİLİ / ANALİTİK BAŞLIK
Kontrol Edilmeyen / İlgili Analitik Başlıktaki Özgür bir ülke için
942 ## - EKLENDİ GİRİŞ ELEMANLARI (KOHA)
Sınıflandırma Veya Raf Düzeni Kaynak Dewey Decimal Classification
Koha Öğesi Türü Books
Holdings
Kalıcı Konum Mevcut Konum Edinme Tarihi Toplam Check-Out'Lar Tam Çağrı Numarası Barkod Tarih Son Görülme İtibaren Geçerli Fiyatlar Koha Öğesi Türü
CHP Kütüphanesi CHP Kütüphanesi 06/10/2020   320.9561 B55c 2020 013568 06/10/2020 06/10/2020 Books
CHP Kütüphanesi CHP Kütüphanesi 06/10/2020   320.9561 B55c 2020 013569 06/10/2020 06/10/2020 Books